Gerontology in higher education : (Record no. 9140)

MARC details
000 -LEADER
fixed length control field 01068pam a2200277 i 4500
001 - CONTROL NUMBER
control field 391424
003 - CONTROL NUMBER IDENTIFIER
control field OSt
005 - DATE AND TIME OF LATEST TRANSACTION
control field 20240710105954.0
008 - FIXED-LENGTH DATA ELEMENTS--GENERAL INFORMATION
fixed length control field 790221s1979 cau b 000 0 eng
010 ## - LIBRARY OF CONGRESS CONTROL NUMBER
LC control number 79009968
020 ## - INTERNATIONAL STANDARD BOOK NUMBER
International Standard Book Number 0534007082
040 ## - CATALOGING SOURCE
Original cataloging agency DLC
Transcribing agency MUST
Modifying agency DLC
043 ## - GEOGRAPHIC AREA CODE
Geographic area code n-us---
082 ## - DEWEY DECIMAL CLASSIFICATION NUMBER
Classification number 362 GER 1979
245 00 - TITLE STATEMENT
Title Gerontology in higher education :
Remainder of title developing institutional and community strength /
Statement of responsibility, etc. editors, Harvey L. Sterns ... [et al.].
260 ## - PUBLICATION, DISTRIBUTION, ETC. (IMPRINT)
Place of publication, distribution, etc. Belmont, Calif. :
Name of publisher, distributor, etc. Wadsworth Pub. Co.,
Date of publication, distribution, etc. 1979.
300 ## - PHYSICAL DESCRIPTION
Extent x, 293 p. ;
Dimensions 24 cm.
500 ## - GENERAL NOTE
General note "Second in an annual review series by the Association for Gerontology in Higher Education."
504 ## - BIBLIOGRAPHY, ETC. NOTE
Bibliography, etc "A selected bibliography of plays with gerontological themes": p. 289-292.
504 ## - BIBLIOGRAPHY, ETC. NOTE
Bibliography, etc Includes bibliographies.
650 #0 - SUBJECT ADDED ENTRY--TOPICAL TERM
Topical term or geographic name as entry element Gerontology
General subdivision Study and teaching (Higher)
Geographic subdivision United States.
9 (RLIN) 18610
700 1# - ADDED ENTRY--PERSONAL NAME
Personal name Sterns, Harvey.
9 (RLIN) 18611
710 2# - ADDED ENTRY--CORPORATE NAME
Corporate name or jurisdiction name as entry element Association for Gerontology in Higher Education."
9 (RLIN) 18612
906 ## - LOCAL DATA ELEMENT F, LDF (RLIN)
a 7
b cbc
c orignew
d 1
e ocip
f 19
g y-gencatlg
942 ## - ADDED ENTRY ELEMENTS (KOHA)
Source of classification or shelving scheme Dewey Decimal Classification
Koha item type Open Shelf
Holdings
Withdrawn status Lost status Source of classification or shelving scheme Damaged status Not for loan Home library Current library Date acquired Source of acquisition Inventory number Total Checkouts Full call number Barcode Date last seen Price effective from Koha item type
    Dewey Decimal Classification     MUST Main Library MUST Main Library 10/07/2024 Donation 2000/14149   362 GER 1979 2024-21901 10/07/2024 10/07/2024 Open Shelf